| 000 | 00545cab a2200217 4500 | ||
|---|---|---|---|
| 001 | X3050 | ||
| 008 | 090401t1996 xxu||||| |||| 00| 0 eng d | ||
| 035 | _a(Sirsi) u28222 | ||
| 041 | _aeng | ||
| 100 | _aFowler, R.A. | ||
| 245 | _aCanada`s big project: St Clair Tunnel and Radarsat | ||
| 260 | _c1996 | ||
| 350 | _a0 | ||
| 490 |
_aSurveying World _v4(2) January/February 1996, 44-45(2) |
||
| 650 | _aCANADA | ||
| 650 | _aLAND SURVEYING | ||
| 650 | _aRADIO SATELLITES | ||
| 690 | _aLAND SURVEYING | ||
| 942 | _n0 | ||
| 948 | _c04/03/1997 | ||
| 999 |
_c19027 _d19027 |
||